| 000 | 00678nam a2200193 i 4500 | ||
|---|---|---|---|
| 001 | 187432 | ||
| 003 | ES-MaACL | ||
| 005 | 20250902085406.0 | ||
| 008 | 170704s1991 sp d |||| | spa d | ||
| 020 | _a84-86534-37-2 | ||
| 245 | 0 | 3 |
_aLa juventud vasca hacia Europa _b: Proyecto Loyola / _cReal Sociedad Bascongada de los Amigos del País. |
| 260 |
_a[Madrid] : _bR.S.B.A.P. : _bBeramar, _c[1991] |
||
| 300 |
_a489 p. : _bgráf. ; _c24 cm. |
||
| 504 | _aReferencias bibliográficas. | ||
| 650 | 4 |
_aEnseñanza- _zPaís Vasco. _9163344 |
|
| 710 | 2 |
_aReal Sociedad Bascongada de los Amigos del País _96366 |
|
| 852 |
_aES-MaACL _jL-31768 |
||
| 999 |
_c187432 _d187432 |
||